000 01384cas a22002415a 4500
001 L137800
008 100803c2006 xxkar ws ss 000 00eng d
035 _a(Sirsi) u137800
041 0 _aeng
110 2 _aJones Lang LaSalle
_93755
245 0 0 _aOffice OSCAR
_bservice charge analysis for offices
_h[electronic resource]
260 _aLondon
_bJLL
_c2006-
362 0 _a2006-
490 0 _aJones Lang LaSalle Office OSCAR Service Charge Analysis for Offices
_v2006-
520 _aAnalyses office service charges paid by occupiers to owners of multi-let office buildings. The survey of a database of charges from office properties provides a comprehensive analysis of charges of building type (air-conditioned and non air-conditioned), location, size and components, makes comparisons with the previous year's data and reviews long-term service charge trends. Note: Office Oscar 2008 uploaded 24/12/2009; Office Oscar 2007 uploaded 01/05/2008, and Office OSCAR 2006 uploaded 05/05/2006.
554 _aAnnual
590 _aKA
651 4 _aUnited Kingdom
_y
690 _aPROPERTY-COMMERCIAL PROPERTY-COMMERCIAL PROPERTY MARKET
690 _aPROPERTY-COMMERCIAL PROPERTY-OFFICE PROPERTY
856 4 0 _uhttps://www.joneslanglasalle.co.uk/UnitedKingdom/EN-GB/Pages/ResearchFilter.aspx
_zView the item free of charge after registration at www.joneslanglasalle.co.uk
942 _n0
999 _c118914
_d118914